Česká republika pět let v Evropské unii: aktuální problémy přijetí eura
Zhodnotenie plnenia nominálnych maastrichtských kritérií Českou republikou za obdobie jej päťročného členstva.
Gespeichert in:
| 1. Verfasser: | |
|---|---|
| Format: | Buchkapitel |
| Sprache: | Tschechisch |
| Schlagworte: | |
| Tags: |
Keine Tags, Fügen Sie das erste Tag hinzu!
|
MARC
| LEADER | 00000naa$a2200000$$$4500 | ||
|---|---|---|---|
| 001 | 0111868 | ||
| 005 | 20231127115406.7 | ||
| 041 | 0 | |a cze | |
| 044 | |a CZ | ||
| 245 | 1 | 0 | |a Česká republika pět let v Evropské unii: aktuální problémy přijetí eura |c Tomáš Jelínek |
| 520 | |a Zhodnotenie plnenia nominálnych maastrichtských kritérií Českou republikou za obdobie jej päťročného členstva. | ||
| 610 | 2 | 0 | |a Európska únia |
| 610 | 2 | 0 | |a Česko |
| 610 | 2 | 0 | |a spolupráca hospodárska medzinárodná |
| 610 | 2 | 0 | |a ukazovatele ekonomické |
| 610 | 2 | 0 | |a inflácia |
| 610 | 2 | 0 | |a dlhy štátne |
| 610 | 2 | 0 | |a konvergencia |
| 610 | 2 | 0 | |a únie menové |
| 100 | 1 | |a Jelínek, Tomáš | |